00333nam a2200133Ia 4500008004100000020001500041041001200056082001600068100001700084245005800101260002500159300000800184650000700192221030s9999 xx 000 0 und d a007451587X aEnglish a105.23bDho aP. S. Dhogal 0aBasic Electrical Engineering Vol. IIcby P. S. Dhogal bTMHaNew Delhic1999 a466 aEE